Τάφος και τρόπαιο

Αποθηκεύτηκε σε:
Λεπτομέρειες βιβλιογραφικής εγγραφής
Κύριος συγγραφέας: Βαρέλης, Φώτης
Μορφή: Βιβλίο
Γλώσσα:Greek
Δημοσίευση: Αθήνα : [χ.ό.], 1983.
Θέματα:
Ετικέτες: Προσθήκη ετικέτας
Δεν υπάρχουν, Καταχωρήστε ετικέτα πρώτοι!

MARC

LEADER 00000cam a2200000 i 4500
001 1/23620
008 960228s1983 gr | ||| |||| ||gre||
035 |a 1988  |b 3  |c Δωρεά  |l 10036898 
040 |a GR-MY-UA  |b gre  |e aacr 
041 0 |a gre 
082 7 |a 889.134   |2 (22) 
100 1 |a Βαρέλης, Φώτης. 
245 1 0 |a Τάφος και τρόπαιο /   |c Φώτης Βαρέλης.  
260 |a Αθήνα :   |b [χ.ό.],   |c 1983. 
300 |a 93 σ. ;   |c 20 εκ.  
650 0 0 |a Greek poetry, Modern. 
852 |a INST  |b RHODES  |e 19960228  |h 889.134 ΒΑΡ  |p 005400002868  |q 005400002868  |t BK  |y 0 
909 |a Ρ  |b 004436 
970 |z 28-02-1996